Elogio de la locura

Gespeichert in:
Bibliographische Detailangaben
1. Verfasser: Erasmo de Rotterdam (VerfasserIn)
Format: Buch
Sprache:Spanisch
Veröffentlicht: Santiago Panamericana 1989
Schlagworte:
Tags: Tag hinzufügen
Keine Tags, Fügen Sie den ersten Tag hinzu!

MARC

LEADER 00000nam a2200000 a 4500
001 UCY6793
003 CL-VaPUC
008 950602e19890000CL |||||||||||||||||spa|d
082 0 4 |a 144  |b ERA  |2 21 
100 0 |a Erasmo de Rotterdam  |e author  |9 336833 
245 1 0 |a Elogio de la locura 
300 |a 224 p 
942 |c BK 
945 |d 19950602 00:00:00  |a rbrito 
260 |a Santiago  |b Panamericana  |c 1989 
650 0 |a Humanismo  |9 256530 
583 |a last modification  |c 19950602 00:00:00  |k Rodrigo Vera 
999 |c 234299  |d 234297 
952 |0 0  |1 0  |4 0  |6 144_000000000000000_ERA_1989  |7 0  |8 R  |9 240413  |a BIBHIS  |b BIBHIS  |d 2019-11-18  |i 308857K  |o 144 ERA 1989  |p 308857K  |r 2024-01-30  |w 2019-11-18  |y BK_R  |k HIS 
952 |0 0  |1 0  |4 0  |6 144_000000000000000_ERA_1989  |7 0  |8 R  |9 240414  |a BIBHIS  |b BIBHIS  |d 2019-11-18  |i 3208354  |o 144 ERA 1989  |p 3208354  |r 2024-01-30  |w 2019-11-18  |y BK_R  |k HIS